[Event "Amateur Tournament (ATO)"]
[Site "https://www.chess.com"]
[Date "2025.07.16"]
[Round "2"]
[White "Kuenzli, Manuel"]
[Black "Loeffler, Helmut"]
[Result "0-1"]
[Board "47"]
[WhiteFideId "1351982"]
[BlackFideId "1317482"]
[WhiteElo "1480"]
[BlackElo "1709"]
[WhiteTeam "SUI"]
[BlackTeam "SUI"]
[WhiteClock "0:51:39"]
[BlackClock "0:17:44"]
[Variant "Standard"]

1. d4 {[%clk 1:30:57]}  d5 {[%clk 1:30:44]} 2. Bf4 {[%clk 1:31:18]}  Nf6 {[%clk 1:30:54]} 3. e3 {[%clk 1:31:34]}  e6 {[%clk 1:30:52]} 4. c3 {[%clk 1:31:32]}  c5 {[%clk 1:30:43]} 5. Nf3 {[%clk 1:31:23]}  Nc6 {[%clk 1:30:33]} 6. Nbd2 {[%clk 1:30:53]}  cxd4 {[%clk 1:30:28]} 7. cxd4 {[%clk 1:30:35]}  Bd6 {[%clk 1:29:27]} 8. Bxd6 {[%clk 1:30:29]}  Qxd6 {[%clk 1:29:42]} 9. Bd3 {[%clk 1:30:25]}  O-O {[%clk 1:29:28]} 10. O-O {[%clk 1:30:22]}  b6 {[%clk 1:27:36]} 11. Rc1 {[%clk 1:28:39]}  Bb7 {[%clk 1:27:51]} 12. Re1 {[%clk 1:24:44]}  Rac8 {[%clk 1:23:03]} 13. e4 {[%clk 1:19:54]}  dxe4 {[%clk 1:21:06]} 14. Nxe4 {[%clk 1:19:17]}  Qf4 {[%clk 1:16:35]} 15. Nxf6+ {[%clk 1:17:55]}  Qxf6 {[%clk 1:16:40]} 16. Be4 {[%clk 1:17:07]}  Qe7 {[%clk 1:13:06]} 17. d5 {[%clk 1:15:53]}  Rfd8 {[%clk 1:11:13]} 18. Qb3 {[%clk 1:14:34]}  Na5 {[%clk 1:06:57]} 19. Qb5 {[%clk 1:10:45]}  Rxc1 {[%clk 1:03:45]} 20. Rxc1 {[%clk 1:09:23]}  f5 {[%clk 1:02:56]} 21. d6 {[%clk 1:08:38]}  Rxd6 {[%clk 0:58:41]} 22. Bxb7 {[%clk 1:08:12]}  Nxb7 {[%clk 0:59:01]} 23. Ne5 {[%clk 1:06:34]}  Qd8 {[%clk 0:54:10]} 24. h3 {[%clk 1:06:22]}  Rd5 {[%clk 0:50:24]} 25. Qa6 {[%clk 1:05:17]}  Nc5 {[%clk 0:44:43]} 26. Qe2 {[%clk 1:04:08]}  Qd6 {[%clk 0:42:40]} 27. Nc4 {[%clk 1:02:58]}  Qf4 {[%clk 0:38:55]} 28. Re1 {[%clk 1:02:07]}  Rd4 {[%clk 0:34:04]} 29. b4 {[%clk 1:01:07]}  Re4 {[%clk 0:31:59]} 30. Qd1 {[%clk 0:56:16]}  Rxe1+ {[%clk 0:29:50]} 31. Qxe1 {[%clk 0:56:37]}  Qxc4 {[%clk 0:28:10]} 32. bxc5 {[%clk 0:56:53]}  bxc5 {[%clk 0:28:31]} 33. Qa5 {[%clk 0:55:50]}  a6 {[%clk 0:23:26]} 34. a4 {[%clk 0:54:18]}  h6 {[%clk 0:22:49]} 35. g3 {[%clk 0:53:25]}  e5 {[%clk 0:20:51]} 36. Qd8+ {[%clk 0:52:19]}  Kh7 {[%clk 0:20:52]} 37. Qh4 {[%clk 0:52:30]}  Qxh4 {[%clk 0:20:41]} 38. gxh4 {[%clk 0:52:49]}  Kg6 {[%clk 0:20:30]} 39. Kf1 {[%clk 0:52:59]}  e4 {[%clk 0:19:15]} 40. Ke2 {[%clk 0:52:03]}  f4 {[%clk 0:18:40]} 41. Kd2 {[%clk 0:51:30]}  Kf5 {[%clk 0:18:17]} 42. Ke2 {[%clk 0:51:18]}  Ke5 {[%clk 0:18:38]} 43. Kd2 {[%clk 0:51:20]}  Kd4 {[%clk 0:19:00]} 44. Kc2 {[%clk 0:51:05]}  c4 {[%clk 0:19:02]} 45. h5 {[%clk 0:51:06]}  e3 {[%clk 0:17:35]} 46. fxe3+ {[%clk 0:51:15]}  Kxe3 {[%clk 0:17:49]} 47. Kd1 {[%clk 0:51:31]}  f3 {[%clk 0:17:24]} 48. Ke1 {[%clk 0:51:39]}  c3 {[%clk 0:17:44]} 0-1

[Event "Amateur Tournament (ATO)"]
[Site "https://www.chess.com"]
[Date "2025.07.16"]
[Round "2"]
[White "Kern, Beat"]
[Black "Barros, Gustavo"]
[Result "0-1"]
[Board "49"]
[WhiteFideId "829072"]
[BlackFideId "1368125"]
[WhiteElo "1695"]
[BlackElo "1658"]
[WhiteTeam "SUI"]
[BlackTeam "SUI"]
[WhiteClock "0:27:37"]
[BlackClock "0:26:01"]
[Variant "Standard"]

1. c4 {[%clk 1:30:56]}  c6 {[%clk 1:30:38]} 2. g3 {[%clk 1:30:55]}  d5 {[%clk 1:30:31]} 3. cxd5 {[%clk 1:30:09]}  cxd5 {[%clk 1:30:40]} 4. d4 {[%clk 1:29:08]}  e6 {[%clk 1:29:19]} 5. Bf4 {[%clk 1:27:35]}  Qb6 {[%clk 1:25:45]} 6. Qc2 {[%clk 1:21:06]}  Bd7 {[%clk 1:23:46]} 7. Nf3 {[%clk 1:17:35]}  Nc6 {[%clk 1:23:24]} 8. Be3 {[%clk 1:07:40]}  Rc8 {[%clk 1:11:53]} 9. Nc3 {[%clk 1:03:06]}  Qa5 {[%clk 1:05:26]} 10. Bd2 {[%clk 0:54:06]}  Qd8 {[%clk 0:52:05]} 11. Bg2 {[%clk 0:50:52]}  Nf6 {[%clk 0:52:02]} 12. O-O {[%clk 0:33:28]}  Be7 {[%clk 0:52:20]} 13. Rac1 {[%clk 0:30:17]}  O-O {[%clk 0:52:06]} 14. Qb1 {[%clk 0:29:13]}  a6 {[%clk 0:47:26]} 15. Bf4 {[%clk 0:24:42]}  b5 {[%clk 0:42:54]} 16. a3 {[%clk 0:18:37]}  Qb6 {[%clk 0:41:49]} 17. Rfd1 {[%clk 0:14:46]}  Nh5 {[%clk 0:40:49]} 18. Ne5 {[%clk 0:10:26]}  Rfd8 {[%clk 0:38:46]} 19. Nxd7 {[%clk 0:08:18]}  Rxd7 {[%clk 0:38:52]} 20. Be3 {[%clk 0:08:20]}  Rdd8 {[%clk 0:34:52]} 21. f3 {[%clk 0:07:12]}  Na5 {[%clk 0:34:29]} 22. Qd3 {[%clk 0:03:57]}  Nc4 {[%clk 0:30:42]} 23. Rc2 {[%clk 0:03:00]}  Nxe3 {[%clk 0:27:49]} 24. Qxe3 {[%clk 0:03:27]}  Nf6 {[%clk 0:28:04]} 25. Rdc1 {[%clk 0:03:25]}  Qb8 {[%clk 0:27:04]} 26. Qd3 {[%clk 0:02:12]}  Rc4 {[%clk 0:20:26]} 27. Na2 {[%clk 0:01:08]}  Qa7 {[%clk 0:16:21]} 28. e3 {[%clk 0:01:07]}  Rdc8 {[%clk 0:15:03]} 29. Rxc4 {[%clk 0:00:50]}  Rxc4 {[%clk 0:12:56]} 30. Rxc4 {[%clk 0:01:15]}  bxc4 {[%clk 0:12:05]} 31. Qd2 {[%clk 0:01:16]}  a5 {[%clk 0:11:29]} 32. Nc3 {[%clk 0:01:32]}  Qb6 {[%clk 0:09:30]} 33. Qc2 {[%clk 0:00:46]}  Nd7 {[%clk 0:07:10]} 34. Kh1 {[%clk 0:01:03]}  Bf6 {[%clk 0:03:37]} 35. f4 {[%clk 0:01:15]}  Qc6 {[%clk 0:02:54]} 36. Qd1 {[%clk 0:00:50]}  Nb6 {[%clk 0:02:54]} 37. Qc2 {[%clk 0:00:55]}  g6 {[%clk 0:03:10]} 38. Bf3 {[%clk 0:00:43]}  Qd7 {[%clk 0:02:39]} 39. Kg2 {[%clk 0:00:41]}  Kg7 {[%clk 0:02:24]} 40. Qd1 {[%clk 0:00:37]}  Bd8 {[%clk 0:01:52]} 41. Qc2 {[%clk 0:00:34]}  Bc7 {[%clk 0:01:52]} 42. Qd1 {[%clk 0:00:46]}  Bd6 {[%clk 0:30:22]} 43. h4 {[%clk 0:30:14]}  Be7 {[%clk 0:26:01]} 44. Kf2 {[%clk 0:27:37]} 0-1

[Event "Amateur Tournament (ATO)"]
[Site "https://www.chess.com"]
[Date "2025.07.16"]
[Round "2"]
[White "Steiner, Philippe"]
[Black "Strebel, Beda"]
[Result "1-0"]
[Board "50"]
[WhiteFideId "1312340"]
[BlackFideId "1366432"]
[WhiteElo "1864"]
[BlackElo "1695"]
[WhiteTeam "SUI"]
[BlackTeam "SUI"]
[WhiteClock "0:38:11"]
[BlackClock "0:02:30"]
[Variant "Standard"]

1. Nf3 {[%clk 1:30:54]}  Nf6 {[%clk 1:30:20]} 2. d4 {[%clk 1:30:57]}  d5 {[%clk 1:30:32]} 3. e3 {[%clk 1:30:51]}  Bf5 {[%clk 1:28:55]} 4. c4 {[%clk 1:30:56]}  e6 {[%clk 1:27:58]} 5. Bd3 {[%clk 1:29:18]}  Bxd3 {[%clk 1:26:12]} 6. Qxd3 {[%clk 1:29:25]}  Bd6 {[%clk 1:26:10]} 7. Nc3 {[%clk 1:28:24]}  c5 {[%clk 1:24:26]} 8. O-O {[%clk 1:26:13]}  Nbd7 {[%clk 1:23:50]} 9. Re1 {[%clk 1:23:26]}  O-O {[%clk 1:20:28]} 10. e4 {[%clk 1:22:30]}  dxe4 {[%clk 1:16:42]} 11. Nxe4 {[%clk 1:22:00]}  Nxe4 {[%clk 1:14:50]} 12. Rxe4 {[%clk 1:17:26]}  Nf6 {[%clk 1:13:15]} 13. Bg5 {[%clk 1:15:30]}  h6 {[%clk 1:09:02]} 14. Bxf6 {[%clk 1:10:03]}  Qxf6 {[%clk 1:08:56]} 15. Qc3 {[%clk 1:05:04]}  cxd4 {[%clk 0:51:38]} 16. Qxd4 {[%clk 1:04:16]}  Qxd4 {[%clk 0:49:54]} 17. Rxd4 {[%clk 1:04:19]}  Rad8 {[%clk 0:38:31]} 18. Rad1 {[%clk 1:03:49]}  Bc7 {[%clk 0:38:27]} 19. b4 {[%clk 1:01:50]}  Rxd4 {[%clk 0:36:39]} 20. Rxd4 {[%clk 1:01:03]}  Rd8 {[%clk 0:36:10]} 21. a4 {[%clk 0:58:49]}  g5 {[%clk 0:27:59]} 22. h3 {[%clk 0:56:28]}  Kf8 {[%clk 0:25:24]} 23. Kf1 {[%clk 0:56:14]}  Ke7 {[%clk 0:24:58]} 24. Ke2 {[%clk 0:52:42]}  f5 {[%clk 0:21:41]} 25. g4 {[%clk 0:51:29]}  Rxd4 {[%clk 0:13:01]} 26. Nxd4 {[%clk 0:51:39]}  fxg4 {[%clk 0:11:44]} 27. hxg4 {[%clk 0:51:46]}  a6 {[%clk 0:11:15]} 28. c5 {[%clk 0:49:13]}  Kf6 {[%clk 0:08:13]} 29. b5 {[%clk 0:44:19]}  Ke5 {[%clk 0:06:50]} 30. Ke3 {[%clk 0:42:33]}  Kd5 {[%clk 0:05:04]} 31. Kd3 {[%clk 0:41:11]}  e5 {[%clk 0:03:43]} 32. b6 {[%clk 0:38:12]}  e4+ {[%clk 0:02:47]} 33. Kc3 {[%clk 0:38:11]}  Be5 {[%clk 0:02:30]} 1-0